Quizzes
Events
Quiz Creation
Community
Videos
Private Events
Remove Ads
Sign In
Join for FREE
Feedback
Dark Mode
Quiz Categories
Sports
Geography
Music
Movies
Television
Just For Fun
Miscellaneous
History
Literature
Language
Science
Gaming
Entertainment
Religion
Holiday
For Kids
Quiz Lab
Recent
Popular Today
Quiz Kudos Today
Editor Picks
Curator Picks
Quizzes by...
Day
Popularity
Type
Ratings
Length
Year
Community
Subscriptions
Recent Discussions
Orange Saloon
Badges
Playlists
Quests
Create
Leaderboards
Showdown
Live 5
Trivia Bingo
Activity
Puzzle Library
Sporcle Events
Private Events
Virtual Trivia
Globe League
Become a Host
Pub Owners
SporcleCon
Opinionation
Our Games
Videos
Blog
Mobile Apps
Partnerships
Remove Ads and Go Orange
Feedback
Just For Fun
Clickable
Get the Picture
Humor
Quick Pick
Word Ladder
Missing Word
Mixed Word
Blitz
Minefield
This or That
Alphabet
Color
Typing
Sporcle
Puzzle
Word Play
Follow That Line
Logic
Just For Fun
Clickable
Get the Picture
Humor
Quick Pick
Word Ladder
Missing Word
Mixed Word
Blitz
Minefield
This or That
Alphabet
Color
Typing
Sporcle
Puzzle
Word Play
Follow That Line
Logic
Random Quiz
Search Sporcle
×
Quiz Lab
Quiz Lab
Just For Fun
Puzzle
Type in answers that appear in a list
Type in answers that appear in a list
Classic
Best Score? Go Orange.
Hangman - Person VIII Stats
Can you name the person in this hangman style quiz (See 'How to Play' for details)?
By
PenguinsMeercats
3m
44 Questions
13.1K Plays
13,058 Plays
13,058 Plays
Comments
Comments
Give Quiz Kudos
Give Quiz Kudos
-
- Ratings
hide this ad
More Info
Wrong Answers
Some wrong answers will appear in red
Some wrong answers will appear in red
Replay
Link that replays current quiz
Next Quiz
Link to next quiz in quiz playlist
You Got
0%
They Got
Avg Score
94%
Avg Friend Score
Upgrade to see
Score Distribution
Jump to the score distribution portion of the page
Score
0/44
Timer
03:00
1
Play Today
% Correct
???
100%
???
100%
???
99.9%
???
99.9%
???
99.8%
???
99.8%
???
99.7%
???
99.7%
???
99.7%
???
99.5%
???
99.5%
???
99.5%
???
99.5%
???
99.5%
???
99.5%
???
99.5%
???
99.5%
???
99.5%
???
99.4%
???
99.4%
???
99.4%
???
99.4%
% Correct
???
99.3%
???
99.3%
???
99.3%
???
99.3%
???
99.2%
???
99.2%
???
99.1%
???
99.1%
???
97.5%
???
97.5%
???
97.1%
???
94.2%
???
94%
???
92.1%
???
91.8%
???
90.7%
???
86.2%
???
84.9%
???
84.1%
???
82.2%
???
35.8%
???
26.2%
Quiz Playlist
Details
Report
Send in Message
Add To Playlist
More Info:
Guess any letter by simply entering that letter into the box.
Each wrongly guessed letter will be marked as an incorrect answer on the quiz.
To make a guess at the hangman answer put an equals sign "=" before your guess. e.g. "=David Beckham"
Even if you guess all the correct letters for the answer, you must enter it in full e.g. "=David Beckham" to end the quiz without further penalty.
Classic:
Type in answers that appear in a list
Wrong Answers:
Some wrong answers will appear in red
Last Updated: Jul 30, 2017
Quiz Scoreboard
CHALLENGE
Sign Up to Join the Scoreboard
Show All
Scores
Hide
Comments
May contain spoilers
Recently Published
Movies - When Are They Set?
by FPL_Elf
Movies
5m
Popular People in 1961
by mucciniale
History
6m
1-10 Letter E Words III
by El_Dandy
Language
2m
More to Explore
Quiz From the Vault
Featured Blog Post
Where Did the Easter Bunny Come From?
hide this ad
You Might Also Like...
Tags
Alphabet Quiz
Puzzle Quiz
Hangman
Today's Top Quizzes in Just For Fun
Browse Just For Fun
hide this ad
Today's Top Quizzes in Puzzle
Browse Puzzle
Top Contributed Quizzes in Just For Fun
1
Harry Potter Logic - 'In Chains' II
2
Crossword Whiteout! 49
3
Survivor Winners Logic Puzzle
4
one piece logic puzzle
5
Letter's Position in the Alphabet Blitz
6
Thermometer Puzzle 25
7
Aquarium Logic Puzzle 17
8
Big Thermometer Puzzle 21
9
Edinburgh Fringe jokes 2015
10
Word Ladder: Ahoy Matey
Explore More
Trending Topics
Harry Potter
Kpop
NBA
Disney
Anime
Crossword
Marvel
Puzzle
Country
WWE
Soccer
Song
NFL
The Office
Pokémon
hide this ad
More By:
PenguinsMeercats
Quiz
Plays
Rating
Category
Featured
Created
Obscure Knowledge - US States
1,579,324
3.74
Geography
Jun 27, 2017
Obscure Knowledge - NBA Teams
1,318,051
3.96
Sports
Dec 20, 2017
Obscure Knowledge - NFL Teams
1,255,144
3.75
Sports
Dec 21, 2017
Obscure Knowledge - Countries of Europe
1,019,671
4.43
Geography
Jun 29, 2017
Obscure Knowledge - US Presidents
690,863
4.52
History
Jun 30, 2017
Go to Creator's Profile
Score Distribution
Quiz Creator Spotlight
PenguinsMeercats
Follow
Send a Message
Quizzes Created
-
Created Quiz Play Count
-
More By This Creator
Popular Quizzes Today
1
Find the US States - No Outlines Minefield
2
Find the Countries of Europe - No Outlines Minefield
3
The Countries of the World
4
Popular People in 1961
5
1-10 Letter E Words III
6
US States
7
Find the US States
8
One Thing in Common: World Cities II
More Just For Fun Quizzes
Word Ladder: It's the Little Things
Published
Trending Quizzes
Risky Map Clicking: Least Populous States A-Z
1-10 Letter F Words
1-10 Letter G Words
One Thing in Common: United Kingdom
Risky Map Clicking: Next State Alphabetically
Recently Updated
Leaping Animals
pecheneg
Reality TV Shows (A-Z)
bhenderson79
Rickey Henderson's Hall of Fame Teammates
pecheneg
Champions League XIs: Arsenal
pecheneg
Quick Pick: Celebrities in WWE's Hall of Fame
aduchscher
A-Z Keypad Blitz II
pecheneg
Multiple Oscar Actors
pecheneg
Mystery Phrase Blitz: Oscar 'Best Actors'
pecheneg
F. Scott Fitzgerald Novels
LTH
Pick 3 Villains
ddd62291
Trending Topics
Harry Potter
Disney
NBA
Crossword
Kpop
Marvel
Anime
Song
Soccer
Puzzle
WWE
NFL
Country
The Office
Pokémon
Your Account Isn't Verified!
In order to create a playlist on Sporcle, you need to verify the email address you used during registration. Go to your
Sporcle Settings
to finish the process.
Report this User
Report this user for behavior that violates our
Community Guidelines
.
Details:
Send Report
Go to the Sporcle.com Mobile Site →
Comments